000 00517nam a2200145Ia 4500
008 100122s9999 xx 000 0 und d
082 _b38126
_a331.026
100 _aजोशी एकनाथ
245 _aकामगार चार्जशीट व चौकशी
260 _bविजय पंडित
_c1905
300 _a96
630 _aकामगार चार्जशीट व चौकशी
730 _aकामगार चार्जशीट व चौकशी
942 _cBOOK
999 _c420389
_d420386